000 00607nam a22002297a 4500
003 UA-OsUOA
001 92000
007 ta
008 20121210b un ||||| |||| 00| 0 ukr d
100 _aШиян А.І.
090 _a821.161.2
_bШ65
942 _cBK
040 _aUA-OsUOA
_bukr
_cUA-OsUOA
_dUA-OsUOA
245 _aХуртовина
_bроман
300 _a199 с.
955 _a3
041 _aukr
080 _a821.161.2
260 _aК.
_bРадянський письменник
_c1980
650 7 _a82 Література. Літературознавство
_2UDC
999 _c378172
_d378172